Založenie podniku so zameraním sa na oblasť nových životných trendov bakalárska práca

Enregistré dans:
Détails bibliographiques
Auteur principal: Stašek, Miroslav Erik
Collectivité auteur: Fakulta podnikového manažmentu EU. Katedra podnikovohospodárska
Autres auteurs: Deáková, Stanislava, 1974-
Format: Livre
Langue:slovaque
Publié: Bratislava 2018
Tags: Ajouter un tag
Pas de tags, Soyez le premier à ajouter un tag!

MARC

LEADER 00000nbm a2200000 4500
001 0244787
005 20181009112546.4
041 0 |a slo 
044 |a SK 
245 1 0 |a Založenie podniku so zameraním sa na oblasť nových životných trendov  |b bakalárska práca  |c Miroslav Erik Stašek ; školiteľ: Stanislava Deáková 
264 1 |a Bratislava  |c 2018 
300 |a 46 s. 
100 1 |a Stašek, Miroslav Erik 
700 1 |a Deáková, Stanislava, 1974- 
710 2 |a Fakulta podnikového manažmentu EU. Katedra podnikovohospodárska